Kekeluargaan,ekonomi,politik masyarakat Islam
| Main Author: | |
|---|---|
| Format: | Book |
| Published: |
Kuala Lumpur :
DBP ,
1994
|
| Series: | Siri pengenalan Islam buku 8
|
| Subjects: |
MARC
| LEADER | 00000cam a2200000 7i4500 | ||
|---|---|---|---|
| 001 | 0000003538 | ||
| 002 | 000003808 | ||
| 005 | 20000330.0 | ||
| 020 | |a 9836235485 | ||
| 090 | 0 | 0 | |a J 297 |b ABA |
| 100 | 1 | |a Ab. Aziz Mohd. Zin | |
| 245 | 1 | 0 | |a Kekeluargaan,ekonomi,politik masyarakat Islam |c Ab.Aziz Mohd Zin |
| 260 | |a Kuala Lumpur : |b DBP , |c 1994 | ||
| 300 | |a 17p. : |b ill ; |c 24cm. | ||
| 490 | 0 | |a Siri pengenalan Islam buku 8 | |
| 650 | 0 | 0 | |a Family |x Religious life |x Juvenile literature |
| 999 | |a 036998 |b BUKU |c JUNIOR BOOKS |e PERPUSTAKAAN KOMUNITI PETALING JAYA | ||